| 000 | 00858nam a2200229 i 4500 | ||
|---|---|---|---|
| 001 | 186061 | ||
| 003 | ES-MaACL | ||
| 005 | 20250905063056.0 | ||
| 008 | 160906s1963 sp |||| |dspa d | ||
| 100 | 1 |
_aCambon, Glauco _9160742 |
|
| 245 | 1 | 0 |
_aLiteratura norteamericana de hoy : (poesía-teatro-novela) / _c[Glauco Cambon, Alan S. Downer, Jack Ludwig ; traducción, Ángela Figuera]. |
| 260 |
_aMadrid : _bGredos, _c1963. |
||
| 300 |
_a172 p. ; _c18 cm. |
||
| 490 | 1 |
_aTres escritores norteamericanos ; _v6 |
|
| 650 | 4 |
_aLiteratura norteamericana- _yS.XX- _xHistoria y crítica. _914644 |
|
| 700 | 1 |
_aDowner, Alan S. _9160743 |
|
| 700 | 1 |
_aLudwig, Jack. _9160744 |
|
| 700 | 0 |
_aFiguera Aymerich, Angela, _d1902-1984 _950755 |
|
| 830 | 0 |
_aTres escritores norteamericanos ; _v6 _9192479 |
|
| 852 |
_aES-MaACL _jE-4855 |
||
| 999 |
_c186061 _d186061 |
||